aDResearch : (Record no. 60894)

MARC details
000 -CABECERA
campo de control de longitud fija 01212nam a2200241 a 4500
003 - IDENTIFICADOR DEL NÚMERO DE CONTROL
campo de control DLC
005 - FECHA Y HORA DE LA ÚLTIMA TRANSACCIÓN
campo de control 20260325123714.0
008 - ELEMENTOS DE LONGITUD FIJA--INFORMACIÓN GENERAL
campo de control de longitud fija 991125c2010 sp fr p r 000 0 spa d
022 ## - NÚMERO INTERNACIONAL NORMALIZADO PARA PUBLICACIONES SERIADAS
Número Internacional Normalizado para Publicaciones Seriadas 1889-7304
035 ## - NÚMERO DE CONTROL DEL SISTEMA
Número de control de sistema UPN01000061305
040 ## - FUENTE DE LA CATALOGACIÓN
Centro catalogador/agencia de origen MX-MxUPN
Lengua de catalogación spa
Centro/agencia transcriptor MX-MxUPN
Normas de descripción aacr2
245 00 - MENCIÓN DE TÍTULO
Título aDResearch :
Resto del título Revista Internacional de Investigación en Comunicación
260 ## - PUBLICACIÓN, DISTRIBUCIÓN, ETC.
Lugar de publicación, distribución, etc. Madrid, España :
Nombre del editor, distribuidor, etc. ESIC University,
Fecha de publicación, distribución, etc. 2010-
310 ## - FRECUENCIA ACTUAL DE LA PUBLICACION
Periodicidad actual Semestral
520 1# - NOTA DE RESUMEN, ETC.
Sumario, etc. Es una publicación que surgió con el propósito de convertirse en una revista sobre comunicación que aporte aire fresco para la investigación, y con ello sea una pieza clave para el desarrollo del conocimiento y de la comunicación misma. En este sentido, se pretende potenciar el desarrollo de la investigación y establecer un enlace entre académicos, investigadores y profesionales de todo el mundo dando a conocer sus trabajos en inglés y castellano. Creando, así, un espacio común de reflexión y diálogo en torno a esta temática.
530 ## - NOTA DE FORMATO FÍSICO ADICIONAL DISPONIBLE
Nota de formato físico adicional disponible También disponible en línea
650 #4 - ASIENTO SECUNDARIO DE MATERIA - TERMINO TEMATICO
Término de materia o nombre geográfico como elemento de entrada Comunicación
9 (RLIN) 9285
902 ## - ELEMENTOS DE DATOS B LOCAL, LDB (RLIN)
Creó Gloria Jiménez/250326
904 ## - ELEMENTOS DE DATOS D LOCAL, LDD (RLIN)
a AC
b 002037
905 ## - TIPO DE MATERIAL
Tipo de material Revista
942 ## - ELEMENTOS DE PUNTO DE ACCESO ADICIONAL (KOHA)
Tipo de ítem Koha Revista Impresa
Holdings
Estado de retiro Estado de pérdida Fuente del sistema de clasificación o colocación Estado dañado No para préstamo Código de colección Localización permanente Ubicación/localización actual Ubicación en estantería Enumeración/cronología de publicación seriada Total de préstamos Código de barras Fecha visto por última vez Número de copia Tipo de ítem Koha Fecha de adquisición Identificador Uniforme del Recurso Precio válido a partir de
    Library of Congress Classification   Disponible (Préstamo en sala) Revistas Bib. Gregorio Torres Quintero Bib. Gregorio Torres Quintero Hemeroteca Sótano v. 1, no. 1 (2010 jan.-jun.)   6130510 31/12/2020 1 Revista Impresa      
    Library of Congress Classification   Disponible (Préstamo en sala) Revistas Bib. Gregorio Torres Quintero Bib. Gregorio Torres Quintero Hemeroteca Sótano v. 1, no. 1 (2010 jan.-jun.) ej. 2   6130520 31/12/2020 1 Revista Impresa      
          Acceso abierto Bib. Gregorio Torres Quintero Bib. Gregorio Torres Quintero En línea       25/03/2026   Revista Electrónica 25/03/2026 https://revistasinvestigacion.esic.edu/adresearch/index.php/adresearch/issue/view/37 25/03/2026